Catálogo

PIEDRA CALIENTE (Registro nro. 50221)

Detalles MARC
000 -LEADER
fixed length control field 00736nam a2200205 a 4500
001 - CONTROL NUMBER
control field 50221
005 - DATE AND TIME OF LATEST TRANSACTION
control field 20180714035215.0
008 - FIXED-LENGTH DATA ELEMENTS--GENERAL INFORMATION
fixed length control field 140415s2002 mx 000 0 spa d
020 ## - INTERNATIONAL STANDARD BOOK NUMBER
International Standard Book Number 9684762410
041 ## - LANGUAGE CODE
Language code of text/sound track or separate title spa
082 ## - DEWEY DECIMAL CLASSIFICATION NUMBER
Classification number 863
Item number OJE
100 1# - MAIN ENTRY--PERSONAL NAME
Personal name OJEDA,JORGE ARTURO
245 10 - TITLE STATEMENT
Title PIEDRA CALIENTE
250 ## - EDITION STATEMENT
Edition statement 2a ed.
260 ## - PUBLICATION, DISTRIBUTION, ETC.
Place of publication, distribution, etc. MEXICO :
Name of publisher, distributor, etc. DISTRIBUCIONES FONTAMARA,
Date of publication, distribution, etc. 2002
300 ## - PHYSICAL DESCRIPTION
Extent 189
Dimensions 12.9 x 0.6 x 21
490 ## - SERIES STATEMENT
Series statement TOMO
520 ## - SUMMARY, ETC.
Summary, etc. ESTE ES UN DIALOGO CON UN AMIGO ENTRAÑABLE QUE LE DICE AL NARRADOR: TU VIDA ES COMO UNA PIEDRA CALIENTE QUE NO PUEDES SOSTENER EN LA MANO. PERO HABLA DE SI MISMO PUES SOLAMENTE OBSERVAMOS AFUERA LO QUE TENEMOS ADENTRO.
650 14 - SUBJECT ADDED ENTRY--TOPICAL TERM
Topical term or geographic name entry element LITERATURA MEXICANA
General subdivision SIGLO XX
Existencias
Withdrawn status Lost status Source of classification or shelving scheme Damaged status Not for loan Collection code Home library Current library Shelving location Date acquired Source of acquisition Inventory number Total Checkouts Full call number Barcode Date last seen Price effective from Koha item type
    Dewey Decimal Classification     General Biblioteca Karol Wojtyla Biblioteca Karol Wojtyla Sala general 03/12/2013 Compra 151000000000000000035334   863 OJE 74953 05/01/2026 03/12/2013 Libro